00361 2200145 4500001002100000005001500021008004100036035001900077041000600096100001400102245002500116260002100141300002800162650002500190INLIS00000000000633820241224113254241224||||||||| | ||| |||| ||  0010-1224006338 a00 aMoh.surya00aPsikologi Pendidikan bPembangunan Jaya avi,195 hlm.:ilus.;21 cm 0aPsikologi Pendidikan